| 000 | 01009nam a22002297a 4500 | ||
|---|---|---|---|
| 999 |
_c2702 _d2702 |
||
| 003 | AR-CdUCM | ||
| 008 | 190305b ||||| |||| 00| 0 spa d | ||
| 040 |
_aMUNICIPALIDAD PROVINCIAL DEL CUSCO _cBIBLIOTECA MUNICIPAL DEL CUSCO |
||
| 041 | _heng | ||
| 082 |
_a818.5 / _bB65 |
||
| 100 |
_aBoardman, Neil S _99474 |
||
| 245 | _aEl vino de la violencia / | ||
| 260 |
_aBarcelona : _bBruguera S.A., _c1966. |
||
| 300 |
_a316 páginas ; _c21 cm. |
||
| 500 | _aTitulo original: The wine of violence Una pequeña ciudad americana donde la vida no es nada fácil para el que no ciña su conducta al tono y ambiente local. Un mundo de puritanas raíces del que no puede esperar ninguna simpatía un ser arisco, solitario y aficionado al alcohol. Sobre tal personaje caerá una acusación de asesinato. | ||
| 650 |
_aLiteratura de Estados Unidos _99475 |
||
| 650 |
_aNovela _9572 |
||
| 650 |
_aClases Sociales _92880 |
||
| 700 |
_aShaw, Alfredo Santiago (Traductor) _99476 |
||
| 942 |
_2ddc _cLIBROS |
||
| 945 | _araen | ||